| 000 | 00714cab a2200241 4500 | ||
|---|---|---|---|
| 001 | WB3318-20 | ||
| 008 | 090401t1997 xxu||||| |||| 00| 0 eng d | ||
| 035 | _a(Sirsi) u78193 | ||
| 041 | _aeng | ||
| 245 | _aX-rating the housing boom | ||
| 260 | _c1997 | ||
| 350 | _a0 | ||
| 490 |
_aObserver _v4 May 1997, 2(2) |
||
| 520 | _aThe UK is again suffering from unbalanced growth. This is partly due to price increases at the top end of the property market and a mixture of rises in the city. | ||
| 650 | _aCOUNCIL TAX | ||
| 650 | _aECONOMY | ||
| 650 | _aHOUSING MARKET | ||
| 650 | _aLONDON | ||
| 650 | _aREFORM | ||
| 690 | _aPROPERTY-PROPERTY FINANCE AND INVESTMENT | ||
| 942 | _n0 | ||
| 948 | _c07/05/1997 | ||
| 999 |
_c49211 _d49211 |
||